KOHA-Header-6

Calculus and Analytic Geometry (Record no. 9230)

000 -LEADER
fixed length control field 00268nam a2200109Ia 4500
100 ## - MAIN ENTRY--AUTHOR NAME
Personal name Thomas Finney
245 #0 - TITLE STATEMENT
Title Calculus and Analytic Geometry
260 ## - PUBLICATION, DISTRIBUTION, ETC. (IMPRINT)
Place of publication New Delhi
Name of publisher Addision
Year of publication 2002
300 ## - PHYSICAL DESCRIPTION
Number of Pages 66
942 ## - ADDED ENTRY ELEMENTS (KOHA)
Koha item type Books
Holdings
Withdrawn status Lost status Collection code Permanent Location Current Location Shelving location Date acquired Full call number Accession Number Koha item type
    Calculus MAJU MAJU Shelf No.A27 2019-09-14 330 4722 Calculus

Powered by Koha